00374nam a2200109Ia 4500008004100000245012700041260004800168260000900216300000900225500001400234650001600248170224s9999 xx 000 0 und d aInterpolated testing influences focused attention and improves integration of information during a video-recorded lecture. bJournal of Experimental Psychology: Applied c2016 a22:3 aSeptember xPsychology.